00685nam a2200241 a 4500001001300000003000900013005001700022008004100039020001200080082001300092100002600105245002400131260003700155300000900192500003500201505001000236650002700246700002600273902000800299942000700307952011400314999001500428nice12345678IN_TiNIC20260116012900.0050524s1967 lona grp 000 0 eng  ac509.200a201bWEA aWeatherhead, Leslie D aChristian Agnostic. aLondonbHodder & Stoughtonc1967 a304p aincludes index and biblioraphy2 aIndex aPhilosophical-Theology1 aWeatherhead, Leslie D bSRS cBK 001040708StackRoom-aHMIbHMId2013-03-05g509.20l0o201 WEAp011111r2013-03-05v509.20w2005-05-24yBK c8748d8748